000 00259nam a2200109Ia 4500
008 240625s9999 xx 000 0 und d
041 _aeng
082 _a332.6
100 _aPRING MARTIN J
245 _aHOW TO SELECT STOCKS USING TECHNICAL ANA
260 _c2008
999 _c35129
_d35129